Human rights : (Record no. 21575)
[ view plain ]
| 000 -LEADER | |
|---|---|
| fixed length control field | 00565cam a2200193 i 4500 |
| 020 ## - INTERNATIONAL STANDARD BOOK NUMBER | |
| ISBN | 9789381043066 (hbk.) |
| 020 ## - INTERNATIONAL STANDARD BOOK NUMBER | |
| ISBN | 938104306X (hbk.) |
| 040 ## - CATALOGING SOURCE | |
| Transcribing agency | UKMGB |
| 082 04 - DEWEY DECIMAL CLASSIFICATION NUMBER | |
| Classification number | 323 HUM 2012 C282 Or. |
| 245 00 - TITLE STATEMENT | |
| Title | Human rights : |
| Remainder of title | voices of world's young activists / |
| 300 ## - PHYSICAL DESCRIPTION | |
| Number of Pages | xviii, 178 pages ; |
| Dimensions | 25 cm |
| 500 ## - GENERAL NOTE | |
| General note | Contributed articles. |
| 650 #0 - SUBJECT ADDED ENTRY--TOPICAL TERM | |
| Topical Term | Human rights. |
| 700 1# - ADDED ENTRY--PERSONAL NAME | |
| Personal name | Omara-Otunnu, Amii, |
| 700 1# - ADDED ENTRY--PERSONAL NAME | |
| Personal name | Mobilia, Sergio, |
| 700 1# - ADDED ENTRY--PERSONAL NAME | |
| Personal name | Purkayastha, Bandana, |
| 856 41 - ELECTRONIC LOCATION AND ACCESS | |
| Uniform Resource Identifier | http://www.loc.gov/catdir/toc/fy13pdf06/2013316622.html |
| 942 ## - ADDED ENTRY ELEMENTS (KOHA) | |
| Koha item type | ADB |
| 952 ## - LOCATION AND ITEM INFORMATION (KOHA) | |
| Withdrawn status [LOCAL, KOHA] | 0 |
| Permanent Location | Date acquired | Koha item type | Lost status | Shelving location | Barcode | Current Location | Full call number |
|---|---|---|---|---|---|---|---|
| Library Block C | 2023-07-17 | ADB | C282 | a72590 | Library Block C | 323 HUM 2012 C282 Or. |